|
|
|
|
| LEADER |
00755nam a22001937a 4500 |
| 008 |
130705b xxu||||| |||| 00| 0 eng d |
| 999 |
|
|
|c 778
|d 778
|
| 082 |
|
|
|a 954.8305 DIN
|
| 100 |
|
|
|a ദിനകരന്, കെ
|
| 240 |
|
|
|a Brahmavidya sangavum Kerala navothanavum
|
| 245 |
|
|
|a ബ്രഹ്മവിദ്യാസംഘവും കേരളനവോത്ഥാനവും
|c കെ. ദിനകരന്
|
| 260 |
|
|
|a തൃശൂര്
|c 2007
|
| 300 |
|
|
|a 60 p.
|
| 600 |
|
|
|a Dinakaran, K
|
| 650 |
|
|
|a Education
|
| 650 |
|
|
|a ചരിത്രം
|
| 650 |
|
|
|a History
|
| 942 |
|
|
|2 ddc
|c BK
|
| 952 |
|
|
|0 0
|1 0
|2 ddc
|4 0
|6 954_830500000000000_DIN
|7 0
|9 772
|a MAIN
|b MAIN
|d 2013-07-05
|g 45.00
|l 4
|o 954.8305 DIN
|p 748
|r 2018-03-02
|s 2018-02-07
|t 1
|w 2013-07-05
|y BK
|